Statistics for Futurama Trivia

Click here to take the quiz!

General Stats

  • This quiz has been taken 1,718 times
    (1,614 since last reset)
  • The average score is 32 of 51

Answer Stats

HintAnswer% Correct
What is Fry’s first name?Philip
93%
What is the janitor’s name?Scruffy
88%
What was Fry’s job in the 20th century?Delivery Boy
83%
Fry was cryogenically frozen starting on which holiday?New Years
83%
What planet is Amy from?Mars
82%
What is the name of the company at which they all work?Planet Express
82%
What is Leela’s first name?Turanga
82%
What creature, usually shown on television, has pulsating, multicolored eyes and emits a loud, ominous buzzing noise?Hypnotoad
81%
In what city do they live?New New York
81%
Who is the acting robot famous for the soap opera “All My Circuits”?Calculon
79%
Which member of the robot mafia is named for his hands?Clamps
79%
What is the name of Bender’s identical nemesis (with a beard)?Flexo
78%
What character can be seen pushing Fry’s chair and causing him to be cryogenically frozen?Nibbler
78%
What is the addictively good soda called?Slurm
76%
What are Bender’s middle and last names?Bending Rodriguez
72%
What is the name of Professor Farnsworth’s nemesis?Ogden Wernstrom
71%
What is the name of the human-hating alien news anchor?Morbo the Annihilator
70%
What do the Amazonians call sex?Snu-Snu
70%
Who is the four armed Neptunian owner of the “Fine Cuisine” restaurant?Elzar
69%
Who impregnates Kif?Leela
68%
Fry downloaded an illegal robot copy of what celebrity?Lucy Liu
66%
Lrrr is the ruler of what planet?Omicron Persei 8
66%
What invention allowed the crew to discover a giant mass of garbage in space?Smelloscope
66%
Bender: “There were 1’s and 0’s everywhere – and I think I saw a…"2
65%
Who is the golden robot always depicted in a lounging position and eating grapes?Hedonismbot
65%
Who is Hermes’ arch rival?Barbados Slim
62%
What tasty food, discovered by the crew on an undiscovered planet, turned out to be baby aliens?Popplers
62%
What was Fry’s brother’s name?Yancy
61%
What show was forbidden after it became a worldwide religion and all its fans were killed in a war?Star Trek
60%
What sport is a “jazzed up” version of baseball?Blernsball
59%
What is the name of Professor Farnsworth’s clone?Cubert
58%
Lrr invades Earth looking for what “aphrodisiac”?Human Horn
56%
What is Fry’s good luck charm from the 20th century?seven leafed clover
56%
The word “ask” has been replaced by the word _______.Axe
55%
After pawning his body, Bender returns to the pawn shop to retrieve his body only to discover it has been sold to ____________.Richard Nixon
55%
The planet "Uranus" has been renamed to __________.Urectum
54%
What did the “80’s guy” die from?Boneitis
52%
What was the same as the price of a cheese pizza and a large soda from Panucci’s Pizza?Fry's PIN Number
52%
After being infested with microscopic worms from an old egg salad sandwich, Fry becomes an expert at playing what instrument?Holophonor
52%
From the episode “Jurassic Bark”, what was Fry’s dog’s name?Seymour
51%
Lrr invades Earth looking for “McNeal” when an episode of what Earth show is interrupted due to technical difficulties?Single Female Lawyer
50%
Bender: “I am Bender. Please insert ________.”Girder
49%
In the episode “The Cryonic Woman”, Fry and his 20th century girlfriend, Michelle, believe they end up in the year 4000, but are actually still in the year 3000 in the city of _____________.Los Angeles
49%
Leela uses what fake name to join Earth’s Army (first and last name)?Lee Lemon
48%
Who is the large masculine robot daughter of the farmer on the moon?The Crushinator
47%
Who is the voice of Fry, Professor, and Zapp Brannigan?Billy West
45%
(Crowd): What do you want? (Fry): Fry's dog! (Crowd): When do you want it? (Fry): ______________!Fry's Dog
42%
According to Kif, Amy is his ____________.Smizmar
33%
Robot Devil: “You can’t just announce what your characters are feeling!...”That makes me feel angry
28%
Fry: “People always said I was stupid, but I…”Proved Them
23%
Most video tapes on Earth were destroyed in the year 2443 during the __________________________________.Second Coming of Jesus
18%

Score Distribution

Percentile by Number Answered

Percent of People with Each Score

Your Score History

You have not taken this quiz since the last reset